00578cam a22002171 4500001001300000003000400013005001700017008004100034010001700075035002000092040001800112042001200130050001800142100002100160245003600181260001100217300002200228500001500250600007000265740002500335sa 68006164 DLC20260227112514.0890514s1966 xx 000 0 beno  asa 68006164  a(OCoLC)23540238 aDLCcMiUdDLC apremarc00aBP80.M84bA651 aAhmed, Nuruddin.10aKhājā Garība Naoẏāja. c[1966] a8, 120 p.c22 cm. aRomanized.00aMuʻīnuddīn Ḥasan Cishtī Sanjarī Ajmerī,d1143?-1234?0 aKhawaja Garib Nawaz.